Statistics for States That Border Tennessee (30 Seconds)

Click here to take the quiz!

General Stats

  • This quiz has been taken 26 times
  • The average score is 7 of 8

Answer Stats

State% Correct
Alabama
96%
Kentucky
92%
Mississippi
92%
Georgia
88%
Missouri
81%
Arkansas
77%
North Carolina
77%
Virginia
77%

Score Distribution

Percentile by Number Answered

Percent of People with Each Score

Your Score History

You have not taken this quiz